| 000 | 00443nam a22001577a 4500 | ||
|---|---|---|---|
| 005 | 20140311163044.0 | ||
| 008 | 140109b xxu||||| |||| 00| 0 eng d | ||
| 020 | _a050028380x | ||
| 050 |
_aTT 507 _b.B625 2002 |
||
| 100 | _aBorrelli, Laird | ||
| 245 |
_aNet mode : _bWeb fashion now / _cLaird Borrelli. |
||
| 260 |
_aNew York : _bThames & Hudson, _c2002. |
||
| 300 |
_a176 p. : _bcol. ill. ; _c29 cm. |
||
| 942 |
_2lcc _cBK _kFOR |
||
| 999 |
_c39803 _d39803 |
||